| 000 | 00530nam a22001817a 4500 | ||
|---|---|---|---|
| 005 | 20260422124943.0 | ||
| 008 | 260422b |||||||| |||| 00| 0 eng d | ||
| 020 |
_a9789363639928 _c1295.00 |
||
| 040 | _aMAIN | ||
| 041 | _aEnglish | ||
| 082 |
_a572.43 _bFRE |
||
| 100 |
_aChandra, Harish (ed) _926675 |
||
| 245 |
_aFreifeldr's Physical Biochemistry _b: Biochemistry And Molecular Biology |
||
| 260 |
_aNew Delhi _bMedTech Science Press _c2025 |
||
| 300 | _a761 | ||
| 650 |
_aBiological Science (PM USHA) _926674 |
||
| 942 | _cBK | ||
| 999 |
_c60671 _d60671 |
||